Privatizace a transformace v postsocialistických zemích.

Vznik fungujúceho súkromného sektora ako predpoklad pre rozvoj a existenciu demokratického politického systému. Motívy a ciele privatizácie. Privatizácia a efektívnosť, ekonomická stabilita a sociálna spravodlivosť. Privatizačná stratégia pre jednotlivé formy privatizácie.

Na minha lista:
Detalhes bibliográficos
Autor principal: Urban, Luděk
Formato: Capítulo de Livro
Idioma:tcheco
Assuntos:
Tags: Adicionar Tag
Sem tags, seja o primeiro a adicionar uma tag!

MARC

LEADER 00000naa a2200000 4500
001 r009712
005 20220831085247.4
041 0 |a cze 
044 |a [CS] 
245 1 0 |a Privatizace a transformace v postsocialistických zemích.  |c Luděk Urban 
520 |a Vznik fungujúceho súkromného sektora ako predpoklad pre rozvoj a existenciu demokratického politického systému. Motívy a ciele privatizácie. Privatizácia a efektívnosť, ekonomická stabilita a sociálna spravodlivosť. Privatizačná stratégia pre jednotlivé formy privatizácie. 
610 2 0 |a privatizácia 
610 2 0 |a transformácia 
610 2 0 |a sektor súkromný 
610 2 0 |a demokracia 
610 2 0 |a stabilita hospodárstva 
610 2 0 |a efektívnosť 
610 2 0 |a východná Európa 
100 1 |a Urban, Luděk